Detalles MARC
| 000 -ENCABEZADO |
| Número de control [NR] |
02527cam a2200361 i 4500 |
| 001 - NÚMERO DE CONTROL |
| control field |
ocn946579846 |
| 003 - IDENTIFICADOR DE CONTROL NÚMERO |
| control field |
Co-BoUCM |
| 005 - FECHA Y HORA DE LA ÚLTIMA TRANSACCIÓN |
| control field |
20180817125437.0 |
| 008 - DE LONGITUD FIJA DE DATOS DE ELEMENTOS - INFORMACIÓN GENERAL |
| Elementos de longitud fija [NR] |
180817s2016 wiua b 001 0 eng c |
| 010 ## - NUMERO DE CONTROL DE LA BIBLIOTECA DEL CONGRESO (LC) [NR] |
| Número de control LC [NR] |
2016012947 |
| 020 ## - NUMERO INTERNACIONAL NORMALIZADO PARA LIBROS [R] |
| Número Internacional Normalizado del libro [NR] |
9780299310806 |
| 020 ## - NUMERO INTERNACIONAL NORMALIZADO PARA LIBROS [R] |
| Número Internacional Normalizado del libro [NR] |
0299310809 |
| 029 1# - OTRO SISTEMA DE NÚMERO DE CONTROL (OCLC) |
| OCLC library identifier |
AU@ |
| System control number |
000057272405 |
| 029 1# - OTRO SISTEMA DE NÚMERO DE CONTROL (OCLC) |
| OCLC library identifier |
NLGGC |
| System control number |
40861935X |
| 035 ## - NUMERO DE CONTROL DEL SISTEMA [R] |
| Número de control del sistema [NR] |
(OCoLC)946579846 |
| 040 ## - FUENTE DE CATALOGACION [NR] |
| Agencia de catalogación original [NR] |
Co-BoUCM |
| Idioma de catalogación [NR] |
spa |
| Quien Cataloga |
Saul Niño |
| Quien Clasifica |
Saul Niño |
| 041 1# - CODIGO DE IDIOMA [R] |
| Código de idioma para texto/pista de sonido o título separado [R] |
Inglés |
| Language code of original and/or intermediate translations of text |
rus |
| 100 1# - ASIENTO PRINCIPAL--NOMBRE PERSONAL [NR] |
| Nombre personal [NR] |
Vatlin, Alexander |
| ID Autoridad |
93355 |
| 245 10 - MENCION DE TITULO [NR] |
| Título [NR] |
Agents of terror |
| Parte restante del título [NR] |
ordinary men and extraordinary violence in Stalin's secret police |
| Mención de responsabilidad, etc. [NR] |
Alexander Vatlin ; edited, translated, and with an introduction by Seth Bernstein ; foreword by Oleg Khlevniuk |
| 260 ## - PUBLICACION, DISTRIBUCION, ETC. (PIE DE IMPRENTA) [R] |
| Lugar de publicación, distribución, etc. [R] |
Wisconsin |
| Nombre del editor, distribuidor, etc. [R] |
The University of Wisconsin Press |
| Fecha de publicación, distribución, etc. [R] |
2016 |
| 300 ## - DESCRIPCION FISICA [R] |
| Extensión [R] |
xxxlv, 171 páginas |
| Otros detalles físicos [NR] |
retratos |
| 500 ## - NOTA GENERAL [R] |
| Nota general [NR] |
"Originally published as Terror raionnogo masshtaba: 'Massovye operatsii' NKVD v Kuntsevskom raione Moskovskoi oblasti v 1937-38 gg. ©2004 by Alexander Vatlin and Rosspen, Moscow."--Title page verso. |
| 520 ## - NOTA DE RESUMEN, ETC. [R] |
| Nota de sumario, etc. [NR] |
In the Great Terror of 1937 38 more than a million Soviet citizens were arrested or killed for political crimes they didn t commit. What kind of people carried out this violent purge, and what motivated them? This book opens up the world of the Soviet perpetrator for the first time. Focusing on Kuntsevo, the Moscow suburb where Stalin had a dacha, Alexander Vatlin shows how Stalinism rewarded local officials for inventing enemies. Agents of Terror reveals stunning, detailed evidence from archives available for a limited time in the 1990s. Going beyond the central figures of the terror, Vatlin takes readers into the offices and interrogation rooms of secret police at the district level. Spurred at times by ambition, and at times by fear for their own lives, agents rushed to fulfill quotas for arresting enemies of the people even when it meant fabricating the evidence. Vatlin pulls back the curtain on a Kafkaesque system, forcing readers to reassess notions of historical agency and moral responsibility in Stalin-era crimes. |
| 546 ## - NOTA DE IDIOMA [R] |
| Nota de idioma [NR] |
Texto en inglés |
| 650 #7 - ASIENTO SECUNDARIO DE MATERIA - TERMINO TEMATICO [R] |
| Término temático o nombre geográfico como elemento de entrada [NR] |
Persecuciones políticas |
| Subdivisión general [R] |
Historia |
| Subdivisión geográfica [R] |
Rusia |
| 9 (RLIN) |
21390 |
| 650 #0 - ASIENTO SECUNDARIO DE MATERIA - TERMINO TEMATICO [R] |
| Término temático o nombre geográfico como elemento de entrada [NR] |
Crímenes políticos |
| 9 (RLIN) |
52764 |
| 651 #7 - ASIENTO SECUNDARIO DE MATERIA - NOMBRE GEOGRAFICO [R] |
| Nombre geográfico [NR] |
Union Sovietica |
| Subdivisión geográfica [R] |
Historia |
| 9 (RLIN) |
93356 |
| 700 1# - ASIENTO SECUNDARIO - NOMBRE PERSONAL [R] |
| Nombre personal [NR] |
Bernstein, Seth, |
| 9 (RLIN) |
93357 |
| 700 1# - ASIENTO SECUNDARIO - NOMBRE PERSONAL [R] |
| Nombre personal [NR] |
Khlevni͡uk, O. V. |
| Forma más completa del nombre [NR] |
(Oleg Vitalʹevich), |
| 9 (RLIN) |
93358 |
| 765 ## - ASIENTO DE IDIOMA ORIGINAL [R] |
| Título [NR] |
Terror raĭonnogo masshtaba |
| 942 ## - ELEMENTOS DE ENTRADA AGREGADOS (KOHA) |
| Sistema de clasificación |
DEWEY |
| Tema principal |
Sociología |
| Tipo de ítem principal el descrito en 300a |
Libro |
| Edición |
1 |
| Clasificación |
363.283 |
| Parte restante de la signatura top. |
V347a |